Pteridophytes of Karnataka State, India (Record no. 196803)

MARC details
000 -LEADER
fixed length control field 00602nam a22001937a 4500
005 - DATE AND TIME OF LATEST TRANSACTION
control field 20230727162443.0
010 ## - LCCN (DPL NO)
LC control number ENG-137628
020 ## - INTERNATIONAL STANDARD BOOK NUMBER
Terms of availability 1800.00
035 ## - SYSTEM CONTROL NUMBER
System control number EN-121160
037 ## - SOURCE OF ACQUISITION
Source of stock number/acquisition DBAD/PUB
082 ## - DEWEY DECIMAL CLASSIFICATION NUMBER
Classification number 581.095432
100 ## - MAIN ENTRY--PERSONAL NAME
Personal name Rajagopal, P.K.
245 ## - TITLE STATEMENT
Title Pteridophytes of Karnataka State, India
Statement of responsibility, etc by P.K. Rajagopal
Medium ENG
260 ## - PUBLICATION, DISTRIBUTION, ETC. (IMPRINT)
Name of publisher, distributor, etc Vinayaka Prakashana
Date of publication, distribution, etc 2016
Place of publication, distribution, etc Karnataka
270 ## - ADDRESS
Address Vinayaka Second Road, Hayagreeva Nagara Indrali, Udupi- 576102
City Indrali
300 ## - PHYSICAL DESCRIPTION
Extent 233p.
Dimensions 24cm(pbk)
700 ## - ADDED ENTRY--PERSONAL NAME
Personal name K. Gopalakrishna Bhat
942 ## - ADDED ENTRY ELEMENTS (KOHA)
Source of classification or shelving scheme Dewey Decimal Classification
Item type English Books
Classification part 581.095432
Call number prefix RAJ
Holdings
Withdrawn status Lost status Not for loan Collection code Home library Current library Date acquired Source of acquisition Cost, normal purchase price Full call number Barcode Copy number Cost, replacement price Koha item type
      Non-fiction Vinoba Puri Vinoba Puri 27/07/2023 DBAD/PUB 1800.00 581.095432 RAJ EN-121160 1 1800.00 English Books

© Delhi Public Library
Hit Counter
free hit counter